| 000 | 01404cam a2200433 a 4500 | ||
|---|---|---|---|
| 001 | 9349 | ||
| 003 | FISKH | ||
| 005 | 20251211141801.0 | ||
| 008 | 011212s1999 ctua b 000 1 eng | ||
| 010 | _a 2001281238 | ||
| 020 | _a0717289079 | ||
| 020 | _a9780717289073 | ||
| 035 | _a12618388 | ||
| 040 |
_aDLC _cDLC _beng |
||
| 050 | _aPZ7 .D6255785 | ||
| 082 | _a 808.068 | ||
| 100 | _aAnonymous | ||
| 245 | 0 | 0 | _aDisney's Tarzan / |
| 260 |
_aDanbury : _bGrolier Books, _c1999. |
||
| 300 |
_a44 unnumbered pages : _bcolor illustrations ; _c23 cm |
||
| 440 | 0 | _aDisney's wonderful world of reading | |
| 500 | _aAdapted from Tarzan by Edgar Rice Burroughs. | ||
| 500 | _aOriginally published: Copenhagen, Denmark : Egmont Gruppen. | ||
| 505 | _aO | ||
| 520 | _aBurroughs' classic tale retold by Disney of a child raised by apes. | ||
| 521 | 8 |
_a600
_bLexile estimate |
|
| 521 | 8 |
_aO
_bRaz-Plus |
|
| 650 | 1 |
_aFeral children _vFiction. |
|
| 650 | 1 |
_aApes _vFiction. |
|
| 650 | 1 |
_aJungles _vFiction. |
|
| 651 | 1 |
_aAfrica _vFiction. |
|
| 655 | 7 |
_aFiction. _2lcgft _0https://id.loc.gov/authorities/genreForms/gf2014026339 |
|
| 700 | 1 |
_aBurroughs, Edgar Rice, _d1875-1950. _tTarzan of the apes. |
|
| 710 | 2 | _aWalt Disney Enterprises. | |
| 730 | 0 | _aTarzan (Motion picture : 1999) | |
| 906 |
_a7 _bcbc _corignew _d2 _encip _f20 _gy-gencatlg |
||
| 942 |
_2ddc _cBK _n0 |
||
| 999 |
_c9349 _d9349 |
||